HIGH COURT CRIMINAL SESSION No.357 of 1970 Uganda Vs Yokoyadi Onying (Record no. 6677)
[ view plain ]
| 000 -LEADER | |
|---|---|
| fixed length control field | 00469nam a22001097a 4500 |
| 008 - FIXED-LENGTH DATA ELEMENTS--GENERAL INFORMATION | |
| fixed length control field | 150624b xxu||||| |||| 00| 0 eng d |
| 010 ## - LIBRARY OF CONGRESS CONTROL NUMBER | |
| Field link and sequence number | HCCRSARF: 006 |
| 245 ## - TITLE STATEMENT | |
| Title | HIGH COURT CRIMINAL SESSION No.357 of 1970 Uganda Vs Yokoyadi Onying |
| 260 ## - PUBLICATION, DISTRIBUTION, ETC. (IMPRINT) | |
| Place of publication, distribution, etc | High Court Kampala |
| 500 ## - GENERAL NOTE | |
| Materials specified | (original criminal Case No.MK.387 of 1970 in the chief Magistrate's court of Gulu at Kitgum<br/>Before: C.D.Patel, Esq., Chief Magistrate)<br/> |
| 500 ## - GENERAL NOTE | |
| Materials specified | Before: Hon. Mr. Ag Justice A.W.K. Mukasa |
| Withdrawn status | Lost status | Source of classification or shelving scheme | Damaged status | Koha normalized classification for sorting | Not for loan | Location (home branch) | Sublocation or collection (holding branch) | Shelving location | Date acquired | Koha issues (times borrowed) | Koha full call number | Piece designation (barcode) | Koha date last seen | Price effective from | Koha item type |
|---|---|---|---|---|---|---|---|---|---|---|---|---|---|---|---|
| Dewey Decimal Classification | HCCRSARF___006 | Archives | Archives | Archives | 06/24/2015 | HCCRSARF__006 | 1113/2015 | 06/24/2015 | 06/24/2015 | Un Reported Cases | |||||
| Dewey Decimal Classification | HCCRSARF____006 | Archives | Archives | Law Reports | 06/24/2015 | HCCRSARF___006 | 1114/2015 | 06/24/2015 | 06/24/2015 | Un Reported Cases |
